000 00692nam a2200217Ii 4500
003 JO-AjNU
008 230605s9999||||xx |||||||||||||| ||und||
017 _a2009/7/2946
040 _aJO-AjNU
_bara
_erda
_cJO-AjNU
041 _aara
050 1 4 _aHD37.A7.S22.2010
100 3 _aياسين،سعد غالب,
_eauthor
_929722
245 0 0 _aالادارة الاستراتيجية
250 _aط العربية
264 3 1 _aعمان:دار اليازوري العلمية للنشر والتوزيع،2010
300 _a224ص
336 _atext
_btxt
_2rdacontent
337 _aunmediated
_bn
_2rdamedia
338 _avolume
_bnc
_2rdacarrier
650 4 _aادارة اعمال
_929723
999 _aA11693
_c15261
_d15261